00504nam a2200157 a 450000100100000000500170001000800410002702000310006804000250009908200150012424500720013926000440021130000170025550000370027270000370030900003796820201002031138.0130311s1972 sp 000 0 spa d a8427405278 (Obra completa) aDO-SdBNPbspacBNPHU axxxxbxxxx00aEnciclopedia universo /cdirección José María Gonzalez Porto. aBarcelona :bMontaner y Simón,c1972. av. ;c25 cm. aLa biblioteca posee el v. 2,3 y51 aGonzález Porto, José María